| 000 | 00608cam a22002051 4500 | ||
|---|---|---|---|
| 001 | 1693523 | ||
| 005 | 20180316044036.0 | ||
| 008 | 730116s1958 nyu 000 0 eng | ||
| 010 | _a 58000159 | ||
| 040 |
_aDLC _cDLC _dDLC |
||
| 041 | _aeng | ||
| 080 | _a423.1 ROG | ||
| 082 | 0 | 0 | _a423.1 ROG |
| 100 | _a23 | ||
| 101 | _aFJA | ||
| 245 | 0 | 4 |
_aThe New American Roget's college thesaurus in dictionary form. _c[Prepared and edited by the National Lexicographic Board. |
| 740 | _aRoget's college thesaurus in dictionary form. | ||
| 906 |
_a7 _bcbc _corignew _du _eocip _f19 _gy-gencatlg |
||
| 942 |
_2ddc _cBK |
||
| 999 |
_c45211 _d45211 |
||